000 00671nam a2200205Ia 4500
001 9225
003 GE_BSU
008 181216s||||||||xx |||||||||||||| ||und||
040 _cGE_BSU
080 _a821.353.1-1+821.353.1-11
100 _aრურუა,პარმენ
245 _aერთტომეული
245 _cწინასიტყვ:ავტ:ნ.პაიჭაძე;რედ:გ.სალუქვაძე
260 _aბათუმი.
260 _bსახელგამი
260 _c1954
300 _a296გვ;1ფ.პორტრ;21სმ
653 _aლექსები და პოემები
942 _cBK
999 _c42528
_d42528